000 00707nam a2200181Ia 4500
005 20250423100827.0
008 250422s9999 xx 000 0 und d
020 _a9789811590610
050 _aQK 898 .N2 .M85/
100 _aEdited by Mukherjee, Soumya
245 0 _aRhizobiology: Molecular Physiology of Plant Roots
260 _aSwitzerland
260 _bSpringer International Publishing
260 _c2024
300 _axii, 442.: ill.
650 _aRhizosphere; Plant-microbe interactions; Nitrogen-fixing bacteria; Root-microbe interactions; Mycorrhizal fungi; Plant physiology; Soil microbiology; Rhizobacteria; Plant growth-promoting rhizobacteria (PGPR); Symbiosis (Biology).
942 _cBK
999 _c34456
_d34456